000 00686nam a22001817a 4500
003 OSt
005 20251024050624.0
008 251021b |||||||| |||| 00| 0 eng d
020 _a0-912776-62-5.
040 _aDWCL-Main lib
_cOC
082 _aCirc. 294.55 P439 1983
245 _aPerfect questions, perfect answers :
_bconversations between his divine grace A. C. Bhaktivedanta Swami Prabhupada and Bob Cohen, a peace corps worker in India
260 _aN. Y. :
_bThe Bhaktivedanta Book Trust,
_cc1983.
300 _a107 pages ;
_c18 cm.
650 _21. Krishna (Hindu deity)-Spiritualistic interpretations.
650 _22. Spiritual life-Hinduism.
942 _2ddc
_cBK-CIRC
_kCirc.
_n0
999 _c4981
_d4981